Trồng- chăm sóc & phòng trừ sâu bệnh

保存先:
書誌詳細
第一著者: Nguyễn, Mạnh Chinh
フォーマット: 図書
言語:Undetermined
出版事項: Hà Nội Nông Nghiệp 2006
主題:
タグ: タグ追加
タグなし, このレコードへの初めてのタグを付けませんか!
Thư viện lưu trữ: Trung tâm Học liệu Trường Đại học Cần Thơ
LEADER 00609nam a2200193Ia 4500
001 CTU_104031
008 210402s9999 xx 000 0 und d
020 |c 15000 
082 |a 632.9 
082 |b Ch312/Q.16 
100 |a Nguyễn, Mạnh Chinh 
245 0 |a Trồng- chăm sóc & phòng trừ sâu bệnh 
245 0 |c Nguyễn Mạnh Chinh, Nguyễn Đăng Nghĩa 
260 |a Hà Nội 
260 |b Nông Nghiệp 
260 |c 2006 
650 |a Diseases and pests,Fruit trees,Plant protection 
904 |i M.Loan 
980 |a Trung tâm Học liệu Trường Đại học Cần Thơ